00482nam a2200193Ia 4500003000400000005001700004008004100021020002200062040000700084041001200091082001500103100001700118245004100135260004000176300001800216365001300234650002100247700002000268OSt20250828180949.0210423s2017 xx 000 0 und d a978-93-392-0304-7 cAL aEnglish a331 bGHOI aPiyali Ghosh aIndustrial relations and labour laws aChennaibMcGrawhill Educationc2017 axviii,786bPB b675cINR aLabour Economics aNandan, Shefali